000 00248nam a2200097Ia 4500
001 1120763
005 20250827004631.0
008 250824s9999 xx 000 0 und d
245 0 _aKENDİNİ ARAMAK
_cİHSAN FAZLIOĞLU
260 _bKETEBE YAYINLARI
999 _c1120763
_d1120763